000 00970nam0a22002891 4500
001 rc\4842869
005 20130426142618.1
021 _aRU
_b[61-21973]
035 _a(NLR Aleph) 008894250
090 _a8661964
_c8661964
100 _a20130426d1961 |||y0rusy50 ca
101 1 _arus
_cfin
102 _aRU
105 _aa z |||a|
200 1 _aРодными тропами
_eРоман
_f[Перевод с фин. Т. Викстрем и В. Машина
_gИл.: В. Коновалов
210 _aМосква]
_cМол. гвардия
_d1961
215 _a287 с.
_cил.
_d21
606 _aСтроители в СССР (х. л.)
_2psbo
700 1 _aТимонен
_bА. Н.
_f1915-1990
_gАнтти Николаевич
702 1 _aМашин
_bВ.
_4730
702 1 _aВикстрем
_bТ.
_4730
702 1 _aКоновалов
_bВ.
_4440
801 0 _aRU
_bNLR
_gpsbo
801 1 _aRU
_bELAR
_2rusmarc
852 _aNLR
_j61-3/1876
942 _cBOOK
980 _aNB